Derecho de las obligaciones (Registro nro. 21801)

Detalles MARC
000 -Cabecera
Campo de control interno 01211nam a2200265Ia 4500
005 - Fecha y hora del registro
control field 20260320113313.0
008 - Elementos de Longitud Fija
fixed length control field 260320s9999||||xx |||||||||||||| ||und||
020 ## - ISBN
ISBN 9786123226022
041 ## - Idioma
Codigo Idioma ESP
082 ## - DEWEY y NOTACIÓN INTERNA
Dewey 346.5
Notación Interna E88
100 ## - AUTOR
Autor denominación Espinoza Espinoza, Juan,
Término de relación autor
245 #0 - TÍTULO DE MATERIAL BIBLIOGRÁFICO
Título Derecho de las obligaciones
Título paralelo
246 ## - TÍTULO TRADUCIDO
Título
Título paralelo
Autor
250 ## - EDICIÓN
Edición Primera edición
260 ## - CIUDAD, EDITORIAL, AÑO
Ciudad Lima :
Nombre de la Editorial Instituto Pacífico,
Año 2025
300 ## - DESCRIPCIÓN
N° Páginas 1022 páginas :
Otros detalles
Dimensiones 25 cm.
Material Adicional
440 ## - MENCIÓN DE SERIE
Título de la Serie
Número de Serie
Volumen de Serie
650 ## - TEMAS
Temas Ciencias Sociales
653 ## - DESCRIPTORES
Lenguajes no controlado Derecho; Derecho civil; Derecho de las obligaciones
654 ## - PROGRAMAS
Programa
700 ## - OTROS AUTORES
Otros autores
Títulos y otras palabras asociadas con el nombre
856 ## - URL - UBICACIÓN
URI/URL: Enlace exacto del recurso <a href="https://palestra-tirantonline-com.ucsp.lookproxy.com/base/per/biblioteca_virtual/9788410952232?general=derecho+de+las+obligaciones+&index=0&navigate_url=%2Fbase%2Fper%2Fbibliotecavirtual%2Fsearches%2Fnavigate%3Ftoken_id%3D690a181e6f4440000ba6949c&next_index=1&num_found=16309&pais=per&route=ser&search_type=bibliotecavirtual&search_url=%2Fbase%2Fper%2Fbibliotecavirtual%2Fsearches%3Findex%3D0%26token_id%3D690a181e6f4440000ba6949c&token_id=690a181e6f4440000ba6949c&tolgeo=latam">https://palestra-tirantonline-com.ucsp.lookproxy.com/base/per/biblioteca_virtual/9788410952232?general=derecho+de+las+obligaciones+&index=0&navigate_url=%2Fbase%2Fper%2Fbibliotecavirtual%2Fsearches%2Fnavigate%3Ftoken_id%3D690a181e6f4440000ba6949c&next_index=1&num_found=16309&pais=per&route=ser&search_type=bibliotecavirtual&search_url=%2Fbase%2Fper%2Fbibliotecavirtual%2Fsearches%3Findex%3D0%26token_id%3D690a181e6f4440000ba6949c&token_id=690a181e6f4440000ba6949c&tolgeo=latam</a>
Nota pública: Versión digital <a href="Véase además: Derecho de obligaciones. Versión digital">Véase además: Derecho de obligaciones. Versión digital</a>
942 ## - ELEMENTOS DE KOHA
Tipo de documento Libro
Nombre del creador Justo Noguera
Código de catalogador Tania Ramirez
Esquema de clasificación Dewey Decimal Classification
Suppress in OPAC
Existencias
Codigo completo Registro Colección Copia número Disponibilidad Tipo de préstamo Biblioteca Actual Procedencia (Biblioteca) Ubicacón Fecha Ingreso Tipo de Adquisición Observación Date last seen Total checkouts Price effective from Tipo de Item Estado del Material Fuente de Clasificación Damaged status Withdrawn status
346.5 E88 1085361 Universidad Católica San Pablo 1 Disponible Disponible Víctor Andrés Belaunde Víctor Andrés Belaunde Primer piso 10/03/2026 Suscripción Derecho 20/03/2026   20/03/2026 Libro Bueno Dewey Decimal Classification